The International politics of television

Wedi'i Gadw mewn:
Manylion Llyfryddiaeth
Prif Awdur: Quester, George H.
Fformat: Llyfr
Iaith:Undetermined
Cyhoeddwyd: New York Lexington Books 1990
Pynciau:
Tagiau: Ychwanegu Tag
Dim Tagiau, Byddwch y cyntaf i dagio'r cofnod hwn!
Thư viện lưu trữ: Trung tâm Học liệu Trường Đại học Cần Thơ
LEADER 00498nam a2200181Ia 4500
001 CTU_82967
008 210402s9999 xx 000 0 und d
082 |a 384 
082 |b Q5 
100 |a Quester, George H. 
245 4 |a The International politics of television 
245 0 |c George H. Quester 
260 |a New York 
260 |b Lexington Books 
260 |c 1990 
650 |a Telivision and politics 
904 |i Qhieu(sửa) 
980 |a Trung tâm Học liệu Trường Đại học Cần Thơ